header

Cell biology and instrumentation (Record no. 181250)

MARC details
000 -LEADER
fixed length control field 01806nam a2200385Ia 4500
245 10 - TITLE STATEMENT
Title Cell biology and instrumentation
260 ## - PUBLICATION, DISTRIBUTION, ETC. (IMPRINT)
Place of publication Amsterdam ;
-- Washington, D.C. :
Name of publisher IOS Press,
Year of publication c2006.
300 ## - PHYSICAL DESCRIPTION
Number of Pages xix, 350 p. :
Other physical details ill.
490 1# - SERIES STATEMENT
Series statement NATO science series. Series I, Life and behavioural sciences,
650 #0 - SUBJECT ADDED ENTRY--TOPICAL TERM
Topical Term Plants
Topical Term Plant cells and tissues
Topical Term Cell death
Topical Term Cytology
Topical Term Ultraviolet radiation
Topical Term Nitric oxide
700 1# - ADDED ENTRY--PERSONAL NAME
Personal name Blume, Yaroslav.
Personal name Durzan, D. J.
Personal name Smertenko, Petro.
856 40 - ELECTRONIC LOCATION AND ACCESS
Uniform Resource Identifier http://site.ebrary.com/lib/rucke/Doc?id=10130688

No items available.

© 2026 Rongo University
Contact us: librarian | system librarian | Rongo university